000 01207nam a22002657a 4500
005 20110721121837.0
010 _aENG-103086 B-457235
020 _a9780071077514
_c299.00
020 _a0071077510
_c299.00
035 _aEN-86619 B-457235
037 _bDBAD/PUB
037 _bK.K.Pub/Ven
082 _a610.730699
245 _aCommunication skills for adult nurses /
_cedited by Sarah Kraszewski [and] Abayomi McEwen
260 _aNew Delhi
_bTata McGraw Hill
_c2011
270 _a7, West Petel Nagar
_bNew Delhi
_e110008
300 _axiv,170p.
_c23cm (pbk)
500 _aIncludes bibliographical references and index
700 _929763
_aKraszewski, Sarah
700 _aMcEwen, Abayomi
_929806
942 _2ddc
_cEN
_mCOM
_h610.730699
999 _c54162
_d54162